Die gesellschaftlich-politische Lage des siebenbürgischen Protestantismus im 21. Jahrhundert
| Titel: | Die gesellschaftlich-politische Lage des siebenbürgischen Protestantismus im 21. Jahrhundert / Béla Kató |
|---|---|
| Verfasser: | |
| In: |
Kirche und Politik an der Peripherie. Reformation und Macht an den "Grenzen" der Deutschen, Protestantischen Einflusszone im Vergleich von Frühneuzeit und Gegenwart, Veranstaltung (2014 : Hermannstadt): Exportgut Reformation, (2017), Seite 415-423 alle Artikel anzeigen |
| Veröffentlicht: | [2017] |
| Format: | Aufsatz |
| Sprache: | Deutsch |
X
alg: 47974697 001A $03077:02-06-21 001B $03077:29-03-23 $t11:36:47.000 001D $03077:02-06-21 001U $0utf8 001X $00 002@ $0Aou 002C $aText $btxt $2rdacontent 002D $aohne Hilfsmittel zu benutzen $bn $2rdamedia 002E $aBand $bnc $2rdacarrier 003@ $0479746974 007A $0479746974 $aHEB 010@ $ager 010E $erda 011@ $a2017 $n[2017] 011F $n© 2017 021A $aDie @gesellschaftlich-politische Lage des siebenbürgischen Protestantismus im 21. Jahrhundert $hBéla Kató 028A $BVerfasser $4aut $8Kató, Béla [Tnu] $9479733252 031A $h415-423 $j2017 039B $aEnthalten in $8--Aau--Kirche und Politik an der Peripherie. Reformation und Macht an den "Grenzen" der Deutschen, Protestantischen Einflusszone im Vergleich von Frühneuzeit und Gegenwart$gVeranstaltung$d2014$cHermannstadt [Tf3]. Exportgut Reformation. - Göttingen : Vandenhoeck & Ruprecht, [2017]. - 486 Seiten. - Illustrationen. - ISBN 978-3-525-10154-4 $x201700000000000585 $9403320135 lok: 47974697 78 exp: 47974697 78 1 #EPN 201B/01 $008-07-22 $t09:23:54.000 201C/01 $008-07-22 201U/01 $0utf8 203@/01 $0120480947X 208@/01 $a08-07-22 $be 209A/01 $a/ $f000 $x00 209A/01 $ab*p $x01 220C/01 $apgar 244Z/01 $#Ungarn $#Ungarn $#Ungarische Räterepublik $#Königreich Ungarn $#Die @Länder der ungarischen Krone $#Transleithanien $#Magyarország $#Magyar Köztársaság $#Magyar Tanácsköztársaság $#Government of the Hungarian Republic $#Zemalja Ugarske Krune $#VNR $#Ungern $#Ungarische Republik $#Republik Ungarn $#Ungarische Volksrepublik $#Volksrepublik Ungarn $#Magyar Népköztársaság $#Hungary $#Hungarian Republic $#Hongrie $#Vengerskaja Narodnaja Respublika $#Hungarian People's Republic $#HPR Hungarian People's Republic $#République Populaire Hongroise $#Ungarische VR $#Republic of Hungary $#Vengrija $74078541-5 $8--Tgz--Ungarn $x01 $9085222712 247C/01 $82080>Marburg/Lahn, Herder-Institut, Forschungsbibliothek, Bibliographieportal $9336309341
| LEADER | 00000caa a2200000 c 4500 | ||
|---|---|---|---|
| 001 | 479746974 | ||
| 003 | DE-603 | ||
| 005 | 20230329113647.0 | ||
| 007 | tu | ||
| 008 | 210602s2017 xx |||| | u00||u|ger c | ||
| 035 | |a (DE-599)HEB479746974 | ||
| 040 | |a DE-603 |b ger |c DE-603 |d DE-603 |e rda | ||
| 041 | |a ger | ||
| 100 | 1 | |a Kató, Béla |e Verfasser |4 aut |0 (DE-603)479733252 | |
| 245 | 0 | 0 | |a Die gesellschaftlich-politische Lage des siebenbürgischen Protestantismus im 21. Jahrhundert |c Béla Kató |
| 264 | 0 | |c [2017] | |
| 264 | 4 | |c © 2017 | |
| 336 | |a Text |b txt |2 rdacontent | ||
| 337 | |a ohne Hilfsmittel zu benutzen |b n |2 rdamedia | ||
| 338 | |a Band |b nc |2 rdacarrier | ||
| 773 | 0 | 8 | |i Enthalten in |a Kirche und Politik an der Peripherie. Reformation und Macht an den "Grenzen" der Deutschen, Protestantischen Einflusszone im Vergleich von Frühneuzeit und Gegenwart, Veranstaltung (2014 : Hermannstadt) |t Exportgut Reformation |d Göttingen : Vandenhoeck & Ruprecht, [2017] |h 486 Seiten, Illustrationen |z 9783525101544 |z 3525101546 |g (2017), Seite 415-423 |w (DE-603)403320135 |
| 924 | 0 | |9 2080 |a (DE-603)120480947X |b DE-2080 |c HES |d d |g / | |


